00685nam a22001937a 450000500170000001000150001702000260003203500140005803700090007208200130008110000320009424500390012626000380016527000530020330000300025694200270028699900190031395201590033220241011163844.0 aENG-142145 a9789357943352c250.00 aEN-125677 bDBAD a891.4414 aTagore, Rabindranath972763 aGitanjali/cby Rabindranath Tagore aNew DelhibV & S Publishersc2024 aF-2/16, Ansari Rd, Daryaganj,bNew Delhie110002 a65p.:bcol.ill.c21cm(pb) 2ddccENh891.4414mTAG c206363d206363 001040708NFICaZLSbZLSd2024-10-11eDelivery of Books Act Divisiong250.00l0o891.4414 TAGpEN-125677r2024-10-11 00:00:00t1v250.00w2024-10-11yEN